00492nam a2200181 a 4500001001300000003000900013005001700022008004100039020002300080082002000103100001100123245004400134260003600178300001000214500003500224650004000259700001100299nice12345678IN_TiNIC20260116014817.0140722s2012 dela grp 000 0 eng  a9788179927472c32500a294.59218bOSH1 aOsho,  aI Am Thatb Talks on the Isha Upanishad aDelhi bJaico Pub. House c2012 a382p  aincludes index and biblioraphy aUpanishads-Criticism & Interpretati1 aOsho,